| 000 | 00778pam a2200265 4500 | ||
|---|---|---|---|
| 008 | |||
| 020 | _a0683004751 (hbk.) | ||
| 049 | _aMAIN | ||
| 090 |
_aRC280.H4 _bBAT |
||
| 100 | 1 | _aBatsakis, John G. | |
| 245 | 1 | 0 |
_aTumors of the head and neck : _bclinical and pathological considerations/ _cJohn G. Batsakis. |
| 260 |
_aBaltimore : _bWilliams & Wilkins, _c1974. |
||
| 300 |
_ax, 388 p. _bill ; _c26 cm. |
||
| 504 | _aIncludes bibliographical references. | ||
| 650 | 0 |
_aHead _xTumors. |
|
| 650 | 0 |
_aNeck _xTumors. |
|
| 650 | 2 | _aHead. | |
| 650 | 2 | _aNeck neoplasms. | |
| 650 | 2 | _aNeoplasms. | |
| 907 |
_a.b10393882 _b25-10-18 _c25-10-18 |
||
| 003 | |||
| 005 | 20230120204231.0 | ||
| 040 | _cNUST | ||
| 942 |
_cBOOKS _kRC280.H4 _mBAT |
||
| 999 |
_c119536 _d119536 |
||